Statystyki dla Young Multi - NAJPOPULARNIEJSZE PIOSENKI TOXIC (SPOTIFY)

Kliknij tutaj aby rozwiązać quiz!

Ogólne statystyki

  • Ten quiz został rozwiązany 187 razy
  • Średni wynik to 10 z 15

Statystyki odpowiedzi

Liczba OdsłuchańTytuł Piosenki% Poprawnych
4 mln 397 tyśBez Serca (Feat. Miszel, Matiskater)
86%
2 mln 693 tyśSól
86%
2 mln 611 tyśOscar (Feat. White Window)
80%
2 mln 959 tyśBallada o Samotności (Vlone)
79%
3 mln 504 tyśToxic Luv (Feat. White 2115)
77%
2 mln 005 tyś48100
76%
3 mln 102 tyśZiomeczki Ziomy
73%
1 mln 331 tyśFanta (Feat. Waima)
71%
3 mln 306 tyśPrzekręt (Feat. Trill Pem)
69%
1 mln 019 tyśBlik
66%
1 mln 544 tyśBeksa
61%
989 tyś.Toast
56%
1 mln 486 tyśWolność
55%
956 tyś.Bardzo Boli
51%
1 mln 076 tyśMam Już Dość
51%

Rozkład punktacji

Percentyl według liczby udzielonych odpowiedzi

Procent ludzi z każdym wynikiem

Twoja historia wyników

Nie rozwiązałeś tego quizu